Megnyílt Gorka Lívia tárlata
Elmentve itt :
| Dokumentumtípus: | Cikk |
|---|---|
| Megjelent: |
1979-07-20
|
| Sorozat: | Délmagyarország
69 No. 168 |
| Kulcsszavak: | Gorka Lívia, képzőművészet |
| Online Access: | http://dmarchiv.bibl.u-szeged.hu/94181 |
| LEADER | 00418nab a2200145 i 4500 | ||
|---|---|---|---|
| 001 | delm94181 | ||
| 005 | 20190523104013.0 | ||
| 008 | 190523s1979 hu o 0|| hun d | ||
| 040 | |a SZTE Délmagyarország Archívum |b hun | ||
| 041 | |a hun | ||
| 245 | 0 | 0 | |a Megnyílt Gorka Lívia tárlata |h [elektronikus dokumentum] |
| 260 | |c 1979-07-20 | ||
| 300 | |a 5 | ||
| 490 | 0 | |a Délmagyarország |v 69 No. 168 | |
| 695 | |a Gorka Lívia, képzőművészet | ||